000
00333nam a22001457a 4500
003
SGT
020
_a
9788182053731
082
_a
305.231,NIS
100
_a
NISHA MAIMUN
245
_a
INTRODUCATION CHILD DEVLOPMENT
260
_a
NEW DELHI
_b
ISHA BOOKS
_c
2006
300
_a
246
650
_a
SPECIAL EDUCATION
942
_2
ddc
_c
BK
_0
2
999
_c
26667
_d
26667